Shoppers desert stressful London (Record no. 67403)

MARC details
000 -LEADER
fixed length control field 00954cam a2200217 4500
001 - CONTROL NUMBER
control field WB3724-17
008 - FIXED-LENGTH DATA ELEMENTS--GENERAL INFORMATION
fixed length control field 000000n2001 000 0 eng u
035 ## - SYSTEM CONTROL NUMBER
System control number (Sirsi) u113187
245 ## - TITLE STATEMENT
Title Shoppers desert stressful London
260 ## - PUBLICATION, DISTRIBUTION, ETC.
Date of publication, distribution, etc. 2001
490 ## - SERIES STATEMENT
Series statement Estates Gazette
Volume/sequential designation (0124) 16 June 2001, 42(1)
520 ## - SUMMARY, ETC.
Summary, etc. Research from CB Hilier Parker, presented at the recent conference "Retailing-the future?", indicates shoppers are using more accessible out-of-town retail centres like Bluewater, rather than shopping in central London. Hillier Parker predicts that by 2005 the West End will have lost 7.5% of its hold on the domestic market. The capital will be forced to rely even more on tourist revenues.
590 ## - LOCAL NOTE (RLIN)
Local note WB
650 ## - SUBJECT ADDED ENTRY--TOPICAL TERM
Topical term or geographic name entry element LONDON
650 ## - SUBJECT ADDED ENTRY--TOPICAL TERM
Topical term or geographic name entry element OUT-OF-TOWN RETAILING
650 ## - SUBJECT ADDED ENTRY--TOPICAL TERM
Topical term or geographic name entry element CB HILLIER PARKER
650 ## - SUBJECT ADDED ENTRY--TOPICAL TERM
Topical term or geographic name entry element RESEARCH
650 ## - SUBJECT ADDED ENTRY--TOPICAL TERM
Topical term or geographic name entry element SHOPPING PATTERNS
690 ## - LOCAL SUBJECT ADDED ENTRY--TOPICAL TERM (OCLC, RLIN)
Topical term or geographic name as entry element PROPERTY-COMMERCIAL PROPERTY-RETAIL PROPERTY
942 ## - ADDED ENTRY ELEMENTS (KOHA)
Suppress in OPAC 0
Holdings
Withdrawn status Lost status Source of classification or shelving scheme Damaged status Not for loan Home library Current library Shelving location Date acquired Total Checkouts Full call number Barcode Date last seen Copy number Price effective from Koha item type
    Dewey Decimal Classification     London London News article 20/06/2001   WB3724-17 113187-1001 06/08/2019 1 06/08/2019 News article